书目信息 |
| 题名: |
北京地方WTO事务年度报告
|
|
| 作者: | 邓洪波 主编 ;北京WTO事务中心 著 | |
| 分册: | ||
| 出版信息: | 北京 中国发展出版社 2007.06 |
|
| 页数: | 161页 | |
| 开本: | 26cm | |
| 丛书名: | ||
| 单 册: | ||
| 中图分类: | F743 , F127.1 | |
| 科图分类: | ||
| 主题词: | ||
| 电子资源: | ||
| ISBN: | 978-7-80234-033-6 | |
| 000 | 01030nam0 2200277 450 | |
| 001 | 003545227 | |
| 005 | 20100814111146.46 | |
| 010 | @a978-7-80234-033-6@dCNY35.00 | |
| 090 | @aF743@bdhb | |
| 100 | @a20100515d2007 em y0chiy50 ea | |
| 101 | 0 | @achi@eeng |
| 102 | @aCN@b110000 | |
| 105 | @aa z 000yy | |
| 200 | 1 | @a北京地方WTO事务年度报告@Abei jing di fang WTO shi wu nian du bao gao@d= Annual local WTO affairs report of Beijing@e2007@f邓洪波主编@Fdeng hong bo zhu bian@g北京WTO事务中心著@zeng |
| 210 | @a北京@c中国发展出版社@d2007.06 | |
| 215 | @a161页@c图@d26cm | |
| 330 | @a本书内容包括:地方WTO事务的概念与基本理论;北京地方WTO事务发展综合评述;欧盟“电子产品两指令”及其成员国国内法化。 | |
| 510 | 1 | @aAnnual local WTO affairs report of Beijing@zeng |
| 601 | 02 | @a世界贸易组织@x规则@x影响@x地区经济@x研究报告@y北京市 |
| 606 | @0 | |
| 690 | @aF743@v4 | |
| 690 | @aF127.1@v4 | |
| 701 | 0 | @a邓洪波@Adeng hong bo@4主编 |
| 712 | 02 | @a北京WTO事务中心@4著@c20100813 |
| 801 | @c20100515 | |
| 905 | @dF743@eD280@f3 | |
| 北京地方WTO事务年度报告= Annual local WTO affairs report of Beijing:2007/邓洪波主编/北京WTO事务中心著.-北京:中国发展出版社,2007.06 |
| 161页:图;26cm |
| ISBN 978-7-80234-033-6:CNY35.00 |
| 本书内容包括:地方WTO事务的概念与基本理论;北京地方WTO事务发展综合评述;欧盟“电子产品两指令”及其成员国国内法化。 |
| ● |
| 相关链接 |
|
|
|
正题名:北京地方WTO事务年度报告
索取号:F743/D280
 
预约/预借
| 序号 | 登录号 | 条形码 | 馆藏地/架位号 | 状态 | 备注 |
| 1 | 1028990 | 210289908 | 社科库409/422社科库 35排3列3层/ [索取号:F743/D280] | 在馆 | |
| 2 | 1028991 | 210289917 | 社科库409/422社科库 35排3列3层/ [索取号:F743/D280] | 在馆 | |
| 3 | 1028992 | 210289926 | 社科库409/422社科库 35排3列3层/ [索取号:F743/D280] | 在馆 |